000 00422nam a2200169Ia 4500
999 _c5069
_d5069
008 141014s9999||||xx |||||||||||||| ||und||
010 _a4919
020 _aS/ISBN
040 _aANE
041 _aEs
082 _a346.43 M576 Ejm1
100 _aMery Berisso, Rafael
245 _aDerecho Hiporecário
250 _aS/E
260 _aJuridica de Chile, Santiago de Chile
_c1958
300 _a453
_c18 cm
650 _aDerecho Hipotecario
942 _cBK
_2ddc
_zNr.